BIOSTATISTICS (Record no. 6911)

MARC details
000 -LEADER
fixed length control field 00424nam a22001817a 4500
005 - DATE AND TIME OF LATEST TRANSACTION
control field 20200607150857.0
008 - FIXED-LENGTH DATA ELEMENTS--GENERAL INFORMATION
fixed length control field 200607b xxu||||| |||| 00| 0 eng d
020 ## - INTERNATIONAL STANDARD BOOK NUMBER
ISBN 978-81-7473-177-7
041 ## - LANGUAGE CODE
Language code of text/sound track or separate title eng
082 ## - DEWEY DECIMAL CLASSIFICATION NUMBER
Classification number 615.1072
100 ## - MAIN ENTRY--AUTHOR NAME
Personal name NEGI, DR K.S.
245 ## - TITLE STATEMENT
Title BIOSTATISTICS
250 ## - EDITION STATEMENT
Edition statement 3RD ED.
260 ## - PUBLICATION, DISTRIBUTION, ETC. (IMPRINT)
Place of publication DELHI
Name of publisher AITBS PUBLISHERS, INDIA
300 ## - PHYSICAL DESCRIPTION
Number of Pages 317;p
650 ## - SUBJECT ADDED ENTRY--TOPICAL TERM
Topical Term PHARMACY
942 ## - ADDED ENTRY ELEMENTS (KOHA)
Koha item type Books
Holdings
Lost status Damaged status Collection code Home library Current library Shelving location Date acquired Source of acquisition Cost, normal purchase price Full call number Accession Number Koha item type
    PHARMACY JRU Library JRU Library SHELF - 17 - I 19/06/2020 PURCHESS 295.00 615.1072 24169 Books